000 00209nam a2200097 a 4500
005 20140414132006.0
008 110222s19uu xx 00 eng d
050 _aDVD
_bB22
245 _aBambi.
999 _c113175
_d113175